000 00970nam a22002415i 4500
001 163846
003 ES-MaACL
005 20250822143147.0
008 940615s1863 sp |||| | spa d
040 _aCAM
_bspa
080 _a821.134.2-13"13"
080 _a929 Alfonso (460.18) XI (0:82)
130 0 _aPoema de Alfonso Onceno.
_9123902
245 1 0 _aPoema de Alfonso Onceno, rey de Castilla y de León
_b: manuscrito del siglo XIV publicado por vez primera de órden de su Majestad la Reina /
_ccon noticias y observaciones de Florencio Janer.
260 _aMadrid :
_b[s.n.],
_c1863 (
_fManuel Rivadeneyra)
300 _aXI, 366 p. ;
_c23 cm.
594 _aSegún Palau, I, 7150 el autor es Rodriguez Yañez.
597 _aPort. y texto enmarcado, a dos tintas.
600 1 4 _aAlfonso
_bXI
_cRey de Castilla-
_vPoesías.
_9145059
700 1 _aJaner, Florencio,
_d1831-1877
_966005
852 _aES-MaACL
_jG-12961
_z-- Enc. hol.
999 _c163846
_d163846